|
|
|
|
| LEADER |
00000nam0a2200000 4500 |
| 001 |
120908 |
| 005 |
20231031125207.0 |
| 010 |
|
|
|a 5170244479
|
| 010 |
|
|
|a 5-271-09225-9
|
| 035 |
|
|
|a (RuTPU)RU\TPU\book\130923
|
| 090 |
|
|
|a 120908
|
| 100 |
|
|
|a 20070906d2004 m y0rusy50 ca
|
| 101 |
1 |
|
|a rus
|c fre
|
| 102 |
|
|
|a RU
|
| 105 |
|
|
|a a j 001zy
|
| 200 |
1 |
|
|a Спортивная гимнастика
|e учебник
|e пер. с фр.
|f П. Мартен
|
| 210 |
|
|
|a Москва
|c АСТ
|c Астрель
|d 2004
|
| 215 |
|
|
|a 48 с.
|c ил.
|
| 225 |
1 |
|
|a Уроки спорта
|
| 320 |
|
|
|a Указатели: с. 46-47.
|
| 610 |
1 |
|
|a спорт
|
| 610 |
1 |
|
|a гимнастика
|
| 610 |
1 |
|
|a спортивная гимнастика
|
| 610 |
1 |
|
|a техника
|
| 610 |
1 |
|
|a гимнастические снаряды
|
| 610 |
1 |
|
|a упражнения
|
| 610 |
1 |
|
|a соревнования
|
| 675 |
|
|
|a 796.41
|v 3
|
| 700 |
|
1 |
|a Мартен
|b П.
|g Патрисия
|
| 801 |
|
1 |
|a RU
|b 63413507
|c 20070906
|g PSBO
|
| 801 |
|
2 |
|a RU
|b 63413507
|c 20101011
|g PSBO
|
| 900 |
|
|
|a Гимнастика
|
| 942 |
|
|
|c BK
|
| 959 |
|
|
|a 54/20070906
|d 3
|e 40,00
|f УФ:3
|